Statistics for Artists Rihanna has collaborated with

Click here to take the quiz!

General Stats

  • This quiz has been taken 230 times
    (220 since last reset)
  • The average score is 11 of 28

Answer Stats

Answer% Correct
Drake
86%
Eminem
85%
Jay-Z
83%
Nicki Minaj
75%
Kanye West
66%
Chris Brown
64%
Calvin Harris
61%
Shakira
59%
David Guetta
48%
T.I
45%
Ne-yo
42%
Mikky Ekko
35%
Paul McCartney
34%
Justin Timberlake
32%
Maroon 5
32%
Coldplay
30%
Future
30%
Britney Spears
28%
Jeezy
27%
Sean Paul
23%
Will.i.am
22%
ASAP Rocky
21%
Slash
20%
Wale
8%
The Lonely Island
5%
Bono
1%
David Bisbal
1%
The Edge
1%

Score Distribution

Percentile by Number Answered

Percent of People with Each Score

Your Score History

You have not taken this quiz since the last reset